| 000 | 00541nam a22001937a 4500 | ||
|---|---|---|---|
| 003 | ILib | ||
| 005 | 20140310182813.0 | ||
| 008 | 130223t xxu||||| |||| 00| 0 eng d | ||
| 020 | _a9812652132 | ||
| 050 |
_aRC 440 _b.F75 2005 |
||
| 100 | _aFrisch, Noreen Cavan | ||
| 245 |
_aPsychiatric mental health nursing / _cNoreen Cavan Frisch, Lawrence E. Frisch |
||
| 250 | _a2nd ed. | ||
| 260 |
_aAustralia : _bThomson Learning, _c2005. |
||
| 300 |
_axxxv, 860 p. : _bill. ; _c26 cm. |
||
| 521 | _aNUR | ||
| 942 |
_2lcc _cBK _kFOR |
||
| 999 |
_c16211 _d16211 |
||